<?xml version="1.0" encoding="UTF-8"?>
<record
    xmlns:xsi="http://www.w3.org/2001/XMLSchema-instance"
    xsi:schemaLocation="http://www.loc.gov/MARC21/slim http://www.loc.gov/standards/marcxml/schema/MARC21slim.xsd"
    xmlns="http://www.loc.gov/MARC21/slim">

  <leader>01186nam a2200313 a 4500</leader>
  <controlfield tag="001"> </controlfield>
  <controlfield tag="003">OSt</controlfield>
  <controlfield tag="005">20201027103452.0</controlfield>
  <controlfield tag="008">091207s1985    dr ad         001 0 spa d</controlfield>
  <datafield tag="040" ind1=" " ind2=" ">
    <subfield code="a">DO-SdBNP</subfield>
    <subfield code="b">spa</subfield>
    <subfield code="c">DO-SdBNP</subfield>
  </datafield>
  <datafield tag="082" ind1=" " ind2=" ">
    <subfield code="a">338.4791</subfield>
    <subfield code="b">R426t,1985</subfield>
  </datafield>
  <datafield tag="110" ind1="2" ind2=" ">
    <subfield code="a">Rep&#xFA;blica Dominicana.</subfield>
    <subfield code="b">Secretar&#xED;a de Estado de Turismo</subfield>
    <subfield code="9">32026</subfield>
  </datafield>
  <datafield tag="245" ind1="1" ind2="0">
    <subfield code="a">Turismo en cifras 1982-1984 /</subfield>
    <subfield code="c"> </subfield>
  </datafield>
  <datafield tag="260" ind1=" " ind2=" ">
    <subfield code="a">Santo Domingo :</subfield>
    <subfield code="b">Secretar&#xED;a de Estado de Turismo,</subfield>
    <subfield code="c">1985</subfield>
  </datafield>
  <datafield tag="300" ind1=" " ind2=" ">
    <subfield code="a">97  p. :</subfield>
    <subfield code="b">il., gr&#xE1;fcs., tablas. ;</subfield>
    <subfield code="c">28. cm.</subfield>
  </datafield>
  <datafield tag="501" ind1=" " ind2=" ">
    <subfield code="a"> </subfield>
  </datafield>
  <datafield tag="505" ind1="0" ind2=" ">
    <subfield code="a">Presentaci&#xF3;n -- aspecto mas relevantes del turismo -- Glosario de t&#xE9;rminos -- Turismo egresivo -- Estad&#xED;sticas hotelera  -- Encuesta de gastos y motivaci&#xF3;n -- Informaci&#xF3;n generales, 1984 -- Directorio de desarrollo tur&#xED;stico -- proyectos aprobados, 1980-1984.</subfield>
  </datafield>
  <datafield tag="546" ind1=" " ind2=" ">
    <subfield code="a"> </subfield>
  </datafield>
  <datafield tag="563" ind1=" " ind2=" ">
    <subfield code="a"> </subfield>
  </datafield>
  <datafield tag="590" ind1=" " ind2=" ">
    <subfield code="a">Inventariado,2020/VM</subfield>
  </datafield>
  <datafield tag="650" ind1=" " ind2="4">
    <subfield code="a">Turismo</subfield>
    <subfield code="z">Rep&#xFA;blica Dominicana</subfield>
    <subfield code="x">Estad&#xED;sticas</subfield>
    <subfield code="9">32027</subfield>
  </datafield>
  <datafield tag="650" ind1=" " ind2="4">
    <subfield code="a">Turismo y desarrollo</subfield>
    <subfield code="z">Rep&#xFA;blica Dominicana</subfield>
    <subfield code="9">32028</subfield>
  </datafield>
  <datafield tag="650" ind1=" " ind2="4">
    <subfield code="a">Comercio tur&#xED;stico</subfield>
    <subfield code="x">Estad&#xED;sticas</subfield>
    <subfield code="9">32029</subfield>
  </datafield>
  <datafield tag="700" ind1=" " ind2=" ">
    <subfield code="a"> </subfield>
    <subfield code="e"> </subfield>
    <subfield code="9">16831</subfield>
  </datafield>
  <datafield tag="740" ind1=" " ind2=" ">
    <subfield code="a"> </subfield>
  </datafield>
  <datafield tag="910" ind1=" " ind2=" ">
    <subfield code="a"> </subfield>
  </datafield>
  <datafield tag="942" ind1=" " ind2=" ">
    <subfield code="2">ddc</subfield>
    <subfield code="c">LBS1</subfield>
  </datafield>
  <datafield tag="952" ind1=" " ind2=" ">
    <subfield code="0">0</subfield>
    <subfield code="1">0</subfield>
    <subfield code="2">ddc</subfield>
    <subfield code="7">1</subfield>
    <subfield code="a">BNPHU</subfield>
    <subfield code="b">PD</subfield>
    <subfield code="d">2020-10-27</subfield>
    <subfield code="e">Reyes Duluc</subfield>
    <subfield code="l">0</subfield>
    <subfield code="o">BNPHU PD 338.4791 R426t,1985</subfield>
    <subfield code="p">2020-0232</subfield>
    <subfield code="r">2020-10-27</subfield>
    <subfield code="w">2020-10-27</subfield>
    <subfield code="y">LBS1</subfield>
  </datafield>
  <datafield tag="956" ind1=" " ind2=" ">
    <subfield code="a">VMateo</subfield>
  </datafield>
  <datafield tag="999" ind1=" " ind2=" ">
    <subfield code="c">48966</subfield>
    <subfield code="d">48966</subfield>
  </datafield>
</record>
